|
|
|
|
| LEADER |
00000cam a2200000 4500 |
| 001 |
vtls011757243 |
| 003 |
SK-MaSNL |
| 005 |
20260301183219.0 |
| 008 |
200228s2018 xo dbl ernp 000 0 slo |
| 015 |
|
|
|a SNBA2018/11
|
| 020 |
|
|
|a 9788055414218
|q (brožované)
|
| 035 |
|
|
|a urn:nbn:sk:snk-am00dbb0
|
| 035 |
|
|
|a urn:nbn:sk:snk-am3hwc0
|
| 035 |
|
|
|a F38FEE12-839B-4B75-8ACE-5B5F5A965CF4
|
| 040 |
|
|
|a SNK
|b slo
|c SNK
|e rda
|
| 041 |
0 |
|
|a slo
|
| 044 |
|
|
|a xo
|c SK
|
| 072 |
|
7 |
|a 005
|x Manažment. Riadenie
|2 konspekt
|
| 072 |
|
7 |
|a 351
|x Úlohy verejnej správy, správne opatrenia. Legislatíva
|2 konspekt
|
| 080 |
|
|
|a 005.934
|2 2011
|
| 080 |
|
|
|a 005.931
|2 2011
|
| 080 |
|
|
|a 364.6-022.258
|2 2001
|
| 080 |
|
|
|a 351-022.326.5
|2 2011
|
| 080 |
|
|
|a (075.8)
|2 2011
|
| 080 |
|
|
|a 614.8
|2 2011
|
| 100 |
1 |
|
|a Jasenovec, Ján
|4 aut
|9 558170
|
| 245 |
1 |
0 |
|a Kvantitatívne hodnotenie sektorov kritickej infraštruktúry
|c Ján Jasenovec, Zdeněk Dvořák
|
| 250 |
|
|
|a Vydanie prvé
|
| 264 |
|
1 |
|a Žilina
|b EDIS - vydavateľské centrum ŽU
|b Žilinská univerzita v Žiline
|c 2018
|
| 300 |
|
|
|a 223 strán
|b grafy, mapy, tabuľky
|c 30 cm
|
| 336 |
|
|
|a text
|b txt
|2 rdacontent
|
| 337 |
|
|
|a bez média
|b n
|2 rdamedia
|
| 338 |
|
|
|a zväzok
|b nc
|2 rdacarrier
|
| 366 |
|
|
|e 80 kusov
|
| 504 |
|
|
|a Bibliografia na strane 211-219 ; zoznam symbolov a skratiek
|
| 650 |
0 |
7 |
|a bezpečnostný manažment
|2 SNKPH
|9 927
|
| 650 |
0 |
7 |
|a krízový manažment
|2 SNKPH
|9 4171
|
| 650 |
0 |
7 |
|a kritická infraštruktúra
|2 SNK
|9 114913
|
| 650 |
0 |
7 |
|a krízové situácie
|2 SNKPH
|9 1563
|
| 650 |
0 |
7 |
|a Crisis management
|2 SNKPHeng
|9 268286
|
| 650 |
0 |
7 |
|a Crisis situations
|2 SNKPHeng
|9 313185
|
| 650 |
0 |
7 |
|a Safety management
|2 SNKPH
|9 276238
|
| 650 |
0 |
7 |
|a Critical infrastructure
|2 SNKPHeng
|9 413498
|
| 650 |
0 |
7 |
|a bezpečnostné inžinierstvo
|2 SNKPH
|9 69653
|
| 650 |
0 |
7 |
|a Safety engineering
|2 SNKPHeng
|9 338388
|
| 655 |
|
7 |
|a učebnice vysokých škôl
|2 SNKPH
|9 70191
|
| 655 |
|
7 |
|a Textbooks (higher)
|2 SNKPHeng
|9 276436
|
| 700 |
1 |
|
|a Dvořák, Zdeněk
|4 aut
|9 290406
|
| 852 |
|
|
|a Štátna vedecká knižnica v Banskej Bystrici
|
| 919 |
|
|
|a 978-80-554-1421-8
|
| 958 |
|
|
|a NB
|
| 999 |
|
|
|c 856207
|d 858137
|
| 952 |
|
|
|a SNK
|b SNK
|y PREZ
|7 0
|p 17A1349829
|o snkSB 93374
|i snk2018/23888
|8 0
|0 0
|1 0
|4 0
|d 2018-11-14
|f 1
|l 0
|r 2025-05-15 00:00:00
|w 2026-02-24
|
| 952 |
|
|
|a SNK
|b SNK
|y VYP
|7 0
|p 17A1349830
|o snkSB 93374 D1
|i snk2018/23889
|8 0
|0 0
|1 0
|4 0
|d 2018-11-14
|l 0
|r 2026-02-24 04:56:50
|w 2026-02-24
|